000 00697nam a2200193Ia 4500
003 GCL
008 140319s9999 xx 000 0 ara d
040 _aGCL /
_cGCL
082 0 4 _a657.4
_bع م
100 1 _aوصفى عبدالفتاح ابوالمكارم
245 1 0 _aالمحاسبة المالية: المدخل للقياس والتقويم والتحليل /
_cوصفى عبدالفتاح ابوالمكارم
700 1 _aعبدالفتاح محمد الصحن
260 _a[S.N] :
_bجامعة الاسكندرية- كلية التجارة ،
_c1989
300 _a638 ص
490 _a
650 0 4 _aالمحاسبة
650 0 4 _aالمالية العامة
942 _2ddc
_cBK
999 _c30685
_d30685